| 000 | 00772cam a22002531 4500 | ||
|---|---|---|---|
| 001 | 3893 | ||
| 003 | BD-RjUL | ||
| 005 | 20211208233810.0 | ||
| 008 | 131221s1965 nyua b 001 0 eng d | ||
| 035 | _a(BD-RjUL)3927 | ||
| 035 | _a(OCoLC)167354 | ||
| 040 |
_aDLC _cODaWU _dOCoLC _dDLC _d(BD-RjUL) _beng |
||
| 041 | _aeng | ||
| 082 |
_a338.74018 _bSTR |
||
| 100 | 1 |
_aSteindl, Josef, _d1912-1993. _912414 |
|
| 245 | 1 | 0 |
_aRandom processes and the growth of firms : _ba study of the Pareto law / _c[by] Josef Steindl. |
| 260 |
_aNew York, _bHafner Pub. Co., _c1965. |
||
| 300 |
_a249 p. _billus. ; _c23 cm. |
||
| 504 | _aIncludes bibliographical references. | ||
| 650 | 0 |
_aEconomics, Mathematical. _912415 |
|
| 942 |
_2ddc _cBK |
||
| 999 |
_c3893 _d3893 |
||